Information Technology / (Record no. 187019)

MARC details
000 -LEADER
fixed length control field 00733nam a22002177a 4500
005 - DATE AND TIME OF LATEST TRANSACTION
control field 20220607103746.0
010 ## - LCCN (DPL NO)
LC control number ENG-132130
020 ## - INTERNATIONAL STANDARD BOOK NUMBER
International Standard Book Number 978938280831411
Terms of availability 235.00
035 ## - SYSTEM CONTROL NUMBER
System control number EN-115662
037 ## - SOURCE OF ACQUISITION
Source of stock number/acquisition DBAD/PUB
082 ## - DEWEY DECIMAL CLASSIFICATION NUMBER
Classification number 005.4
100 ## - MAIN ENTRY--PERSONAL NAME
Personal name Mouli, D. Chandra.
245 ## - TITLE STATEMENT
Title Information Technology /
Statement of responsibility, etc D. Chandra Mouli...[et.al].
260 ## - PUBLICATION, DISTRIBUTION, ETC. (IMPRINT)
Place of publication, distribution, etc Hyderabad
Name of publisher, distributor, etc SevenHills International Publishers
Date of publication, distribution, etc 2021
270 ## - ADDRESS
Address #326/C,III Floor, Surneni Nilayam Near B K Guda Park, S R Nayar
City Hyderabad
Postal code 500038
Telephone number 91-4023710657
Electronic mail address studentshelpline.in@gmail.com
300 ## - PHYSICAL DESCRIPTION
Extent xvi,328p.
Dimensions 23cm(pbk)
700 ## - ADDED ENTRY--PERSONAL NAME
Personal name Venkateswarlu, T.
700 ## - ADDED ENTRY--PERSONAL NAME
Personal name Khan, P. Haneef
700 ## - ADDED ENTRY--PERSONAL NAME
Personal name Ramesh, M
942 ## - ADDED ENTRY ELEMENTS (KOHA)
Source of classification or shelving scheme Dewey Decimal Classification
Item type English Books
Call number suffix INF
Classification part 005.4
Holdings
Withdrawn status Lost status Not for loan Collection code Home library Current library Date acquired Source of acquisition Cost, normal purchase price Full call number Barcode Copy number Cost, replacement price Koha item type
      Non-fiction Patel Nagar Patel Nagar 25/03/2022 DBAD/PUB 235.00 005.4 INF EN-115662 1 235.00 English Books

© Delhi Public Library
Hit Counter
free hit counter